| 000 | 00439pab a2200157 454500 | ||
|---|---|---|---|
| 008 | 180718b1996 xxu||||| |||| 00| 0 eng d | ||
| 100 | _aChevalier, Judith A. | ||
| 245 | _aCapital-market imperfections and countercyclical markups: theory and evidence | ||
| 260 | _c1996 | ||
| 300 | _ap.703-25 | ||
| 362 | _aSep | ||
| 650 | _aFinancial markets | ||
| 700 | _aScharfstein, David S. | ||
| 773 | _aAmerican Economic Review | ||
| 909 | _a32186 | ||
| 999 |
_c32186 _d32186 |
||